000
00222nam a2200097 a 4500
005
20200930055510.0
008
110415s2001 000 spa d
245
0
_a
English for me three.
260
_c
2001.
999
_c
28847
_d
28847
040
_a
DO-SdBNP